Anthropology without Informants (Record no. 353032)
[ view plain ]
| 000 -LEADER | |
|---|---|
| fixed length control field | 00613nam a2200133Ia 4500 |
| 008 - FIXED-LENGTH DATA ELEMENTS--GENERAL INFORMATION | |
| fixed length control field | 171212s9999 xx 000 0 und d |
| 020 ## - INTERNATIONAL STANDARD BOOK NUMBER | |
| International Standard Book Number | 9780870819476 |
| 100 ## - MAIN ENTRY--PERSONAL NAME | |
| Personal name | Freeman, L. G. |
| 245 ## - TITLE STATEMENT | |
| Statement of responsibility, etc | Freeman, L. G. |
| Title | Anthropology without Informants |
| Remainder of title | Collected Works in Paleoanthropology by L.G. Freeman |
| 260 ## - PUBLICATION, DISTRIBUTION, ETC. (IMPRINT) | |
| Name of publisher, distributor, etc | University Press of Colorado |
| Date of publication, distribution, etc | 2009 |
| 650 ## - SUBJECT ADDED ENTRY--TOPICAL TERM | |
| Topical term or geographic name as entry element | Anthropology |
| 650 ## - SUBJECT ADDED ENTRY--TOPICAL TERM | |
| Topical term or geographic name as entry element | Paleolithic period -- Spain; Anthropology, Prehistoric -- Spain; Paleoanthropology -- Spain; Antiquities, Prehistoric -- Spain; Freeman, Leslie G. -- Literary collections |
| 856 ## - ELECTRONIC LOCATION AND ACCESS | |
| Uniform Resource Identifier | <a href="www.jstor.org/stable/10.2307/j.ctt46ntrt">www.jstor.org/stable/10.2307/j.ctt46ntrt</a> |
| Withdrawn status | Lost status | Damaged status | Home library | Current library | Date acquired | Total Checkouts | Full call number | Date last seen | Price effective from | Koha item type |
|---|---|---|---|---|---|---|---|---|---|---|
| College Library | College Library | 12/12/2017 | GN772.22.S7F74 2009 | 12/12/2017 | 12/12/2017 | Curriculum - Based eBooks |